Concilium mexicanum provinciale III (Record no. 8651)

MARC details
000 -CABECERA
campo de control de longitud fija 01199nam a2200253 a 4500
001 - NÚMERO DE CONTROL
campo de control BRCA_9000
005 - FECHA Y HORA DE LA ÚLTIMA TRANSACCIÓN
campo de control 20190320210504.0
008 - DATOS DE LONGITUD FIJA--INFORMACIÓN GENERAL
campo de control de longitud fija 170717s1770----mx-#######---#000-0#lat-#
041 ## - CÓDIGO DE LENGUA
Código de lengua del texto/banda sonora o título independiente lat
044 ## - CÓDIGO DEL PAÍS DE LA ENTIDAD EDITORA/PRODUCTORA
Código MARC del país mx
084 ## - OTRO NÚMERO DE CLASIFICACIÓN
Número de clasificación LM54
Número de documento/Ítem .C66 1770
245 10 - MENCIÓN DE TÍTULO
Título Concilium mexicanum provinciale III
Resto del título celebratum Mexici anno MDLXXXV
Mención de responsabilidad, etc. praeside D. D. Petro Moya, et Contreras Archiepiscopo Ejusdem Urbis; confirmatum Romae die XXVII octobris anno MDLXXXIX; postea jssu regio editum Mexici anno MDCXXII; sumptibus D. D. Joannis Perez de la Serna Archiepiscopi; demum typis mandatum cura & expensis D. D. Francisci Antonij a Lorenzana Archipraesulis.
260 ## - PUBLICACIÓN, DISTRIBUCIÓN, ETC.
Lugar de publicación, distribución, etc. Mexici
Nombre del editor, distribuidor, etc. Ex typographia Bac. Josephi Antonij de Hogal
Fecha de publicación, distribución, etc. 1770
300 ## - DESCRIPCIÓN FÍSICA
Extensión 141 p.
Dimensiones 17.7 x 20 cm
500 ## - NOTA GENERAL
Nota general Superiorum permissu
500 ## - NOTA GENERAL
Nota general Estado físico: presenta encuadernación en pergamino con presencia del pez de plata
650 14 - PUNTO DE ACCESO ADICIONAL DE MATERIA--TÉRMINO DE MATERIA
Término de materia o nombre geográfico como elemento de entrada Iglesia católica
Subdivisión cronológica Obras anteriores a 1800
Subdivisión geográfica México
9 (RLIN) 22335
651 #4 - PUNTO DE ACCESO ADICIONAL DE MATERIA--NOMBRE GEOGRÁFICO
Nombre geográfico México
Subdivisión general Historia de la Iglesia
9 (RLIN) 22336
700 1# - PUNTO DE ACCESO ADICIONAL--NOMBRE DE PERSONA
Nombre de persona Perez de la Serna, Joannis
9 (RLIN) 22337
700 1# - PUNTO DE ACCESO ADICIONAL--NOMBRE DE PERSONA
Nombre de persona Francisci Antonij A Lorenzana
9 (RLIN) 22338
700 1# - PUNTO DE ACCESO ADICIONAL--NOMBRE DE PERSONA
Nombre de persona Moya et Contreras, Petro
9 (RLIN) 22339
902 ## - CATALOGADOR
Iniciales CFM
942 ## - ELEMENTOS DE PUNTO DE ACCESO ADICIONAL (KOHA)
Fuente del sistema de clasificación o colocación Library of Congress Classification
Tipo de ítem Koha Libros
Holdings
Estado de retiro Estado de pérdida Estado dañado No para préstamo Localización permanente Ubicación/localización actual Fecha de adquisición Total de préstamos Signatura topográfica completa Código de barras Fecha visto por última vez Precio válido a partir de Tipo de ítem Koha
El ejemplar forma parte de la colección y puede ser consultado según las políticas vigentes.       Biblioteca del Museo Franz Mayer (Rogerio Casas-Alatriste) Biblioteca del Museo Franz Mayer (Rogerio Casas-Alatriste) 17/07/2017   LM54 .C66 1770 CFM00283 22/03/2019 22/03/2019 Libros